Dicionário completo português-inglês (Registo nº 198000)

Detalhes MARC
000 -Etiqueta do registo
Valores 00626nam 22001933 4500
010 ## - Número ISBN
ISBN 972-47-3178-2
021 ## - Número do Depósito Legal
Código do país Portugal
Número 243991/06
100 ## - Dados gerais de processamento
Dados gerais 20250919d u||y0pory50 ba
200 ## - Titulo e menção de responsabilidade
Título próprio Dicionário completo português-inglês
210 ## - Publicação
Local de publicação [s. l.]
Nome do editor Texto Editora
Data de publicação D. L. 2006
215 ## - Descrição física 
Paginação / Volumes [10], 1027 p.
Outras indicações físicas encadernado
Dimensões 25 cm
225 ## - Colecção 
Título próprio da colecção Colecção completa de dicionários e auxiliares de línguas
606 ## - Nome comum usado como assunto
ID Autoridade 13781
Palavra de ordem Obras gerais de referência
Subdivisão assunto Enciclopédias, dicionários, léxicos, glossários
675 ## - CDU
Notação 030
Edição PT
Língua por
801 ## - Fonte de origem
País PT
Agência BMMN
Regras de catalogação RPC
830 ## - Notas gerais do catalogador
Criado por Vanda
990 ## - Elementos KOHA
Tipo de documento Livro
Exemplares
Situação do levantamento Biblioteca de origem Código de barras Cota Permissão de empréstimo Tipo de documento Forma de aquisição
  Biblioteca Municipal de Montemor-o-Novo 26199 030 DIC|LG   Livro Compra

Powered by Koha